[Event "JUG-chT"]
[Site "Cetinje"]
[Date "1992.??.??"]
[Round "?"]
[White "Saric, Igor"]
[Black "Spiric, Igor"]
[Result "1-0"]
[WhiteElo "2270"]
[BlackElo "2360"]

1.e4 c5 2.Nf3 Nc6 3.d4 cxd4 4.Nxd4 Nf6 5.Nc3 d6 6.Bg5 e6 7.Qd3 a6 8.Be2 Ne5
9.Qg3 Qc7 10.f4 Nc4 11.O-O-O b5 12.e5 h6 13.exf6 hxg5 14.Ndxb5 axb5 15.Qxg5 d5
16.fxg7 Bxg7 17.Qxg7 Qxf4+ 18.Kb1 Rf8 19.Nxb5 Nd2+ 20.Ka1 Bd7 21.Qd4 Qxd4
22.Nxd4 Ne4 23.Rde1 Kd8 24.Bb5 f5 25.Re2 Ke7 26.Rd1 Bxb5 27.Nxb5 Rh8 28.g3 Kf6
29.Nd4 Ra4 30.Nb3 Ra7 31.Nd2 Nc5 32.Rde1 Ra6 33.a3 Nd7 34.Ka2 e5 35.Rf2 Rh7
36.b4 Ke6 37.c4 d4 38.Kb3 Nf6 39.Nf3 Ng4 40.Nxd4+ Kd6 41.Rxf5  1-0

[Event "JUG-chT"]
[Site "Cetinje"]
[Date "1992.??.??"]
[Round "?"]
[White "Tseshkovsky, Vitaly"]
[Black "Ivanovic, Bozidar"]
[Result "1-0"]
[WhiteElo "2510"]
[BlackElo "2470"]

1.e4 c5 2.Nf3 Nc6 3.d4 cxd4 4.Nxd4 Nf6 5.Nc3 d6 6.Bg5 e6 7.Qd2 a6 8.O-O-O Bd7
9.f4 b5 10.Bxf6 gxf6 11.Nxc6 Bxc6 12.Bd3 Qb6 13.Kb1 Rg8 14.Rhe1 Be7 15.f5 b4
16.Ne2 e5 17.Ng3 Rg5 18.Bc4 Rc8 19.Qe2 a5 20.b3 a4 21.Qf3 Bb7 22.Nf1 axb3
23.cxb3 Qg1 24.g3 Kf8 25.Re2 Qb6 26.Ne3 Rc5 27.h4 Rg8 28.g4 h6 29.Red2 Rc7
30.Nd5 Bxd5 31.Rxd5 Rc5 32.Qe3 Kg7 33.g5 hxg5 34.hxg5 Rd8 35.Rh1 Rh8 36.gxf6+ Bxf6
37.Rxh8 Kxh8 38.Qh6+ Kg8 39.Rd2  1-0

[Event "CSR-chT"]
[Site "CSR"]
[Date "1992.??.??"]
[Round "?"]
[White "Gazik, Igor"]
[Black "Bielczyk, Jacek"]
[Result "1/2-1/2"]
[WhiteElo "2435"]
[BlackElo "2380"]

1.e4 c5 2.Nf3 Nc6 3.d4 cxd4 4.Nxd4 Nf6 5.Nc3 d6 6.Bg5 e6 7.Qd2 a6 8.O-O-O Bd7
9.f4 h6 10.Bxf6 Qxf6 11.Nf3 Qd8 12.Kb1 Qc7 13.g4 O-O-O 14.h4 Kb8 15.Rh3 Be7
16.g5 Bc8 17.f5 hxg5 18.hxg5 Rxh3 19.Bxh3 d5 20.exd5 Nb4 21.fxe6 fxe6 22.Qe3 Nxd5
23.Nxd5 Rxd5 24.Rxd5 exd5 25.Bxc8 Kxc8 26.a3 Bd8 27.Qd3 Qd7 28.Qg6 Qg4 29.Qf7 Qd7
30.Qg8 Qf5 31.Nd4 Qxg5 32.Ne6 Qf6 33.Nxd8  1/2-1/2

[Event "CSR-chT"]
[Site "CSR"]
[Date "1992.??.??"]
[Round "?"]
[White "Medunova, Vera"]
[Black "Banas, Jan"]
[Result "0-1"]
[WhiteElo "2065"]
[BlackElo "2385"]

1.e4 c5 2.Nf3 d6 3.d4 cxd4 4.Nxd4 Nf6 5.Nc3 Nc6 6.Bg5 e6 7.Bb5 Bd7 8.Bxc6 bxc6
9.Qf3 Qb6 10.Bxf6 gxf6 11.Qxf6 Rg8 12.O-O-O Rxg2 13.Qf3 Rg6 14.Rhe1 Rb8 15.b3 Qc5
16.Kb2 Rh6 17.Qg3 Rg6 18.Qf3 Bg7 19.Nf5 Be5 20.Qe3 Qxe3 21.Nxe3 Ke7 22.Nc4 Rg2
23.Nxe5 dxe5 24.Re3 Rxh2 25.Rf3 h5 26.a3 h4 27.Rg1 Rh8 28.Nd1 h3 29.Ne3 Rh4
30.Ng4 Rg2 31.Rxg2 hxg2 32.Rg3 f6 33.Rxg2 Be8 34.f3 Bh5 35.Rg3 Bxg4 36.fxg4 Rh7
37.b4 Rg7 38.c4 f5 39.exf5 exf5 40.Re3 fxg4 41.Rxe5+ Kd6 42.Re1 g3 43.Kc3 g2
44.Rg1 Ke5 45.a4 Rg3+ 46.Kd2 Kd4 47.b5 c5 48.Ke2 Kxc4 49.Kf2 Rg5  0-1

[Event "CSR-chT"]
[Site "CSR"]
[Date "1992.??.??"]
[Round "?"]
[White "Prandstetter, Eduard"]
[Black "Lanc, Alois"]
[Result "0-1"]
[WhiteElo "2410"]
[BlackElo "2470"]

1.e4 c5 2.Nf3 Nc6 3.d4 cxd4 4.Nxd4 Nf6 5.Nc3 d6 6.Bg5 e6 7.Qd2 a6 8.O-O-O h6
9.Bf4 Bd7 10.Nxc6 Bxc6 11.Qe1 Qc7 12.Kb1 Be7 13.h4 b5 14.f3 O-O 15.Bd3 b4
16.Ne2 e5 17.Bh2 Rfc8 18.g4 Bb5 19.Qd2 Nd7 20.g5 hxg5 21.hxg5 Bxd3 22.cxd3 b3
23.Nc3 bxa2+ 24.Ka1 Nc5 25.Qc2 Rab8 26.Nd5 Nb3+ 27.Qxb3 Rxb3 28.Nxc7 Rxc7
29.f4 Rc2 30.fxe5 Bxg5 31.exd6 Rbxb2 32.Be5 Rb7 33.Rh2 Rxh2 34.Bxh2 Rb1+
35.Rxb1 axb1=Q+ 36.Kxb1 Kf8 37.Kc2 Be3 38.Kb3 g5 39.Ka4 Bb6 40.Kb4 Ke8 41.Kc4 Bf2
42.Be5 g4 43.Bf6 g3 44.Bh4 Be1 45.Bg5 Kd7 46.e5 g2 47.Be3 Bg3 48.d4 Bh2 49.Kb4 g1=Q
50.Bxg1 Bxg1 51.d5 Bb6 52.Ka4 Kd8 53.Kb4 Bd4 54.e6 f5 55.Kc4 Bb6 56.d7 Ke7  0-1

[Event "EU-chT (Men)"]
[Site "Debrecen"]
[Date "1992.??.??"]
[Round "1"]
[White "Kveinys, Aloyzas"]
[Black "Wittmann, Walter"]
[Result "1/2-1/2"]
[WhiteElo "2485"]
[BlackElo "2380"]

1.e4 c5 2.Nf3 d6 3.d4 cxd4 4.Nxd4 Nf6 5.Nc3 Nc6 6.Bg5 Bd7 7.Bc4 Qa5 8.Bxf6 gxf6
9.Nb3 Qg5 10.g3 f5 11.O-O Bg7 12.Nd5 O-O 13.f4 Qg6 14.e5 Rad8 15.Na5 Rfe8
16.exd6 exd6 17.Qd2 Nxa5 18.Qxa5 Bd4+ 19.Kg2 Bc6 20.Rae1 Bb6 21.Qd2 Re6 22.b4 Rde8
23.b5 Bxd5+ 24.Bxd5 Re3 25.Rxe3 Bxe3 26.Qd3 Bc5 27.Bxb7 Re3 28.Qc4 Qf6 29.Bd5 Qe7
30.a4 Re2+ 31.Kh1 Rd2 32.c3 Kg7 33.a5 Qe3 34.Bg2 Rc2 35.b6 axb6 36.a6 b5
37.Qxb5 Rc1 38.Rxc1 Qxc1+ 39.Qf1 Qxc3 40.h3 Kf6 41.Kh2 Qd4 42.h4 h6 43.Kh3 Qc3
44.Qe2 Kg7 45.Qa2 Qd4 46.Qd5 Qxd5 47.Bxd5 Kf6 48.Kg2 Ke7 49.Kf3 Ba7 50.Ke2 Bg1
51.Bb3 Ba7 52.Bd5 Bg1 53.Kd3 Bf2 54.Kc4 f6 55.Kd3 Kd7 56.Ke2 Bd4 57.Kf3 Kc7
58.Be6 Kb6 59.Bc8 Bc3 60.h5 Be1  1/2-1/2

[Event "EU-chT (Women)"]
[Site "Debrecen"]
[Date "1992.??.??"]
[Round "5"]
[White "Erneste, Inguna"]
[Black "Bener, Anna"]
[Result "1-0"]
[WhiteElo "2365"]
[BlackElo "2060"]

1.e4 c5 2.Nf3 Nc6 3.d4 cxd4 4.Nxd4 Nf6 5.Nc3 d6 6.Bg5 e6 7.Qd2 a6 8.O-O-O h6
9.Be3 Nxd4 10.Bxd4 b5 11.Qe3 Qc7 12.e5 dxe5 13.Bxe5 Qa7 14.Qg3 Bd7 15.Be2 Bc6
16.Rhe1 Qc5 17.Bf3 Rc8 18.Rd2 Bxf3 19.gxf3 b4 20.Bxf6 bxc3 21.Bxc3 Rg8 22.Qg4 Qc4
23.Re4 Qxa2 24.Ra4 h5 25.Qe4 f5 26.Qh4 Ba3 27.Rxa3 Qc4 28.Rd8+  1-0

[Event "EU-chT (Men)"]
[Site "Debrecen"]
[Date "1992.??.??"]
[Round "7"]
[White "Kovalev, Andrei"]
[Black "Robatsch, Karl"]
[Result "1-0"]
[WhiteElo "2570"]
[BlackElo "2410"]

1.e4 c5 2.Nf3 d6 3.d4 cxd4 4.Nxd4 Nf6 5.Nc3 Nc6 6.Bg5 Bd7 7.Qd2 Rc8 8.O-O-O Nxd4
9.Qxd4 Qa5 10.f4 h6 11.Bh4 e5 12.Qd3 Rxc3 13.Qxc3 Qxc3 14.bxc3 Nxe4 15.Re1 f5
16.g4 exf4 17.gxf5 Bxf5 18.Bd3 d5 19.c4 Ba3+ 20.Kd1 O-O 21.cxd5 Nc3+ 22.Kd2 Bb4
23.Be7 Nxd5+ 24.Bxb4 Nxb4 25.Bxf5 Rxf5 26.Rb1 Rd5+ 27.Kc3 a5 28.a3 Nc6 29.Rxb7 f3
30.Rf1 Rf5 31.Kd3 Rh5 32.Rc7 Ne5+ 33.Ke4 Ng4 34.Rxf3 Nf6+ 35.Kd4 Rxh2 36.Rg3 Rh4+
37.Ke5 Nh5 38.Rd3 Rg4 39.c4 Rg5+ 40.Kd4 Nf4 41.Rd2 Rg1 42.c5 h5 43.c6 Rc1
44.Rc8+ Kh7 45.c7 Rxc7 46.Rxc7 Ne6+ 47.Ke5 Nxc7 48.Kd6 g5 49.Kxc7 Kg6 50.Kd6 Kf5
51.Rf2+ Ke4 52.Rf8 Ke3 53.Rg8 Kf4 54.Kd5 h4 55.Kd4  1-0

[Event "EU-chT (Men)"]
[Site "Debrecen"]
[Date "1992.??.??"]
[Round "8"]
[White "Adams, Michael"]
[Black "Greenfeld, Alon"]
[Result "1/2-1/2"]
[WhiteElo "2620"]
[BlackElo "2520"]

1.e4 c5 2.Nf3 d6 3.d4 cxd4 4.Nxd4 Nf6 5.Nc3 Nc6 6.Bg5 e6 7.Qd2 Be7 8.O-O-O O-O
9.Nb3 Qb6 10.f3 Rd8 11.Kb1 a6 12.Be3 Qc7 13.Qf2 Nd7 14.f4 b5 15.g4 Rb8 16.g5 Nb6
17.h4 b4 18.Ne2 Nc4 19.Bc1 a5 20.Ned4 Nxd4 21.Nxd4 a4 22.Qf3 e5 23.Bxc4 Qxc4
24.b3 Qa6 25.fxe5 dxe5 26.Nf5 Bxf5 27.Qxf5 axb3 28.axb3 Rdc8 29.Bb2 Qe2 30.Rc1 Rc5
31.Rhf1 Qh5 32.Qd7 Bf8 33.Rf2 Rbc8 34.Rcf1 Rxc2 35.Qxf7+ Qxf7 36.Rxf7 Re2
37.Bxe5 Rxe4 38.Bg3 Re6 39.R7f3 g6 40.Re1 Ra6 41.Be5 Re6 42.Rfe3 Rce8  1/2-1/2

[Event "EU-chT (Men)"]
[Site "Debrecen"]
[Date "1992.??.??"]
[Round "9"]
[White "Berzinsh, Roland"]
[Black "Leko, Peter"]
[Result "1/2-1/2"]
[WhiteElo "2390"]
[BlackElo "2385"]

1.e4 c5 2.Nf3 d6 3.d4 cxd4 4.Nxd4 Nf6 5.Nc3 Nc6 6.Bg5 e6 7.Bb5 Bd7 8.Bxc6 bxc6
9.Qf3 Qb6 10.O-O-O Be7 11.e5 dxe5 12.Nb3 Rd8 13.Bxf6 gxf6 14.Ne4 f5 15.Nd6+ Bxd6
16.Rxd6 Ke7 17.c4 Qb4 18.c5 a5 19.a3 Qc4+ 20.Kb1 Rb8 21.Nxa5 Qxc5 22.Nxc6+ Bxc6
23.Rxc6 Qd4 24.Rc3 Rhd8 25.Rhc1 Rd6 26.Qh5 Rdb6 27.Ka1 Rxb2 28.Rc7+ Kd6 29.Rd7+ Kxd7
30.Qxf7+ Kd8 31.Qf8+  1/2-1/2

[Event "Doha op"]
[Site "Doha"]
[Date "1992.??.??"]
[Round "5"]
[White "Hakki, Imad"]
[Black "Mahmud, Syarif"]
[Result "1-0"]
[WhiteElo "2310"]
[BlackElo "2340"]

1.e4 c5 2.Nf3 d6 3.d4 cxd4 4.Nxd4 Nf6 5.Nc3 Nc6 6.Bg5 e6 7.Qd2 h6 8.Bxf6 gxf6
9.O-O-O a6 10.f4 h5 11.g3 Qb6 12.Nb3 Qc7 13.Kb1 Bd7 14.f5 Be7 15.fxe6 fxe6
16.Ne2 Ne5 17.Nf4 Rc8 18.Nd4 Kf7 19.Bh3 Nc4 20.Qc1 Qb6 21.Ka1 f5 22.exf5 e5
23.Nd5 Bg5 24.Nxb6 Bxc1 25.Nxc4 Rxc4 26.Ne6 Bh6 27.c3 Bxe6 28.fxe6+ Ke7 29.Rhf1 Rf8
30.Rxf8 Bxf8 31.Rf1 Re4 32.a3 Re2 33.Rf7+ Ke8 34.Rxb7 Rf2 35.Rb8+ Ke7 36.Rb7+ Ke8
37.Rb8+ Ke7 38.Rb7+ Ke8 39.Rf7 Rxh2 40.Bf1 Rh1 41.Ka2 Rg1 42.Bxa6 Be7 43.a4 Rxg3
44.a5 Kd8 45.Bb5  1-0

[Event "Dortmund op-A"]
[Site "Dortmund"]
[Date "1992.??.??"]
[Round "2"]
[White "Ernst, Thomas"]
[Black "Galliamova, Alisa"]
[Result "1-0"]
[WhiteElo "2535"]
[BlackElo "2410"]

1.e4 c5 2.Nf3 Nc6 3.d4 cxd4 4.Nxd4 Nf6 5.Nc3 d6 6.Bg5 e6 7.Qd2 a6 8.O-O-O h6
9.Bf4 Bd7 10.Nxc6 Bxc6 11.f3 d5 12.Qe1 Bb4 13.a3 Ba5 14.exd5 Nxd5 15.b4 Nxf4
16.Rxd8+ Bxd8 17.h4 O-O 18.Qe3 Nd5 19.Nxd5 Bxd5 20.g4 a5 21.b5 Rc8 22.g5 h5
23.Bd3 Be7 24.Kb2 Rfe8 25.Qe2 e5 26.Rd1 Bc5 27.Bh7+ Kxh7 28.Rxd5 b6 29.Qe4+ g6
30.Rxe5 Rxe5 31.Qxe5 Bf8 32.Qe3 Rc5 33.a4 Bd6 34.Kb3 Bg3 35.c4 Bc7 36.Qe7 Kg8
37.Kc3 Kg7 38.f4 Kg8 39.Kd3 Kg7 40.f5 gxf5 41.Qf6+ Kg8 42.g6 fxg6 43.Qxg6+ Kf8
44.Qxh5 f4 45.Qh6+ Ke7 46.Qg7+ Ke6 47.Qg6+ Ke7 48.h5 Re5 49.h6 Re3+ 50.Kd4 Be5+
51.Kd5 Bf6 52.h7 Re5+ 53.Kc6 Re6+ 54.Kb7 f3 55.Qf5  1-0

[Event "Dortmund op-A"]
[Site "Dortmund"]
[Date "1992.??.??"]
[Round "2"]
[White "Hertel, Peter"]
[Black "Tischbierek, Raj"]
[Result "0-1"]
[WhiteElo "2215"]
[BlackElo "2485"]

1.e4 c5 2.Nf3 Nc6 3.d4 cxd4 4.Nxd4 Nf6 5.Nc3 d6 6.Bg5 e6 7.Qd2 a6 8.O-O-O Bd7
9.Nxc6 Bxc6 10.Bf4 Nxe4 11.Nxe4 Bxe4 12.Bxd6 Bxd6 13.Qxd6 Qxd6 14.Rxd6 Ke7
15.Rd2 g5 16.f3 Bc6 17.Bd3 h5 18.Re1 Rad8 19.Be4 Rxd2 20.Kxd2 Rd8+ 21.Kc1 Rd6
22.Bxc6 Rxc6 23.c3 f5 24.Kc2 Rc4 25.g3 Rc8 26.Re2 Rh8 27.Kd3 h4 28.Ke3 hxg3
29.hxg3 e5 30.Kf2 Ke6 31.Kg2 Rd8 32.Kf2 Rd1 33.c4 Rd4 34.b3 a5 35.Rc2 e4
36.fxe4 fxe4 37.Rb2 Ke5 38.b4 Rxc4 39.bxa5 Ra4 40.Rxb7 Rxa2+ 41.Ke3 Ra3+
42.Kf2 Rxa5 43.Rb8 Kf5 44.Rb4 Ra2+ 45.Ke3 Kg4 46.Kxe4 Kxg3 47.Rb3+ Kh4 48.Rb1 g4
49.Rg1 g3 50.Kf3 Rf2+ 51.Ke3 Rf6 52.Rh1+ Kg4  0-1

[Event "Dortmund op-A"]
[Site "Dortmund"]
[Date "1992.??.??"]
[Round "3"]
[White "Dolmatov, Sergey"]
[Black "Sher, Miron N"]
[Result "1-0"]
[WhiteElo "2595"]
[BlackElo "2475"]

1.e4 c5 2.Nf3 d6 3.d4 cxd4 4.Nxd4 Nf6 5.Nc3 Nc6 6.Bg5 e6 7.Qd2 a6 8.O-O-O h6
9.Bf4 Bd7 10.Nxc6 Bxc6 11.f3 d5 12.Qe1 Be7 13.exd5 Nxd5 14.Nxd5 Bxd5 15.Bc4 Bg5
16.g3 Bxf4+ 17.gxf4 O-O 18.Bxd5 exd5 19.Rg1 Re8 20.Qc3 f6 21.Qb3 Qc7 22.Qxd5+ Kh8
23.Qf5 Rad8 24.a3 Rd6 25.Kb1 Red8 26.Rxd6 Qxd6 27.h4 Re8 28.h5 Qd2 29.Qg4 Re7
30.Qc8+ Kh7 31.Qc5 Qd7 32.Kc1 Re2 33.Rd1 Qe6 34.Kb1 b6 35.Qc7 b5 36.b3 Qf5
37.Rg1  1-0

[Event "Dortmund op-A"]
[Site "Dortmund"]
[Date "1992.??.??"]
[Round "10"]
[White "Kaminski, Marcin"]
[Black "Groszpeter, Attila"]
[Result "1/2-1/2"]
[WhiteElo "2360"]
[BlackElo "2495"]

1.e4 c5 2.Nf3 d6 3.d4 cxd4 4.Nxd4 Nf6 5.Nc3 Nc6 6.Bg5 Bd7 7.Qd2 Rc8 8.Bxf6 gxf6
9.Nxc6 bxc6 10.Bd3 Rb8 11.Rb1 Rg8 12.g3 Qa5 13.O-O Qg5 14.f4 Qc5+ 15.Kh1 Bh3
16.Rfe1 Bg4 17.Be2 h5 18.Bxg4 hxg4 19.Qd3 Rh8 20.Rf1 Rb4 21.Qa6 Kd8 22.Qe2 Qc4
23.Qf2 Qd4 24.Qe2 Qc4 25.Qf2 Qd4 26.Qe2  1/2-1/2

[Event "Dresden op"]
[Site "Dresden"]
[Date "1992.??.??"]
[Round "?"]
[White "Wegener, Dirk"]
[Black "Kaminski, Uwe"]
[Result "1/2-1/2"]
[WhiteElo "2310"]
[BlackElo "2400"]

1.e4 c5 2.Nf3 d6 3.d4 cxd4 4.Nxd4 Nf6 5.Nc3 Nc6 6.Bg5 e6 7.Qd2 a6 8.O-O-O h6
9.Be3 Bd7 10.f4 Be7 11.Bd3  1/2-1/2

[Event "Eger op"]
[Site "Eger"]
[Date "1992.??.??"]
[Round "?"]
[White "Sziebert, Adam"]
[Black "Feher, Gyula"]
[Result "1/2-1/2"]
[WhiteElo "2295"]
[BlackElo "2395"]

1.e4 c5 2.Nf3 Nc6 3.d4 cxd4 4.Nxd4 Nf6 5.Nc3 d6 6.Bg5 e6 7.Qd2 Be7 8.O-O-O O-O
9.Nb3 Qb6 10.f3 Rd8 11.Kb1 a6 12.Be3 Qc7 13.Qf2 Nd7 14.f4 b5 15.Bd3 Rb8 16.g4 Nb6
17.g5 Nc4 18.Bc1 Bf8 19.h4 Nb4 20.f5 Nxd3 21.cxd3 b4 22.Ne2 Ne5 23.f6 Bb7
24.Nf4 a5  1/2-1/2

[Event "Elenite"]
[Site "Elenite"]
[Date "1992.??.??"]
[Round "9"]
[White "Spasov, Vasil"]
[Black "Kotronias, Vasilios"]
[Result "1/2-1/2"]
[WhiteElo "2535"]
[BlackElo "2550"]

1.e4 c5 2.Nf3 d6 3.d4 cxd4 4.Nxd4 Nf6 5.Nc3 Nc6 6.Bg5 e6 7.Qd2 Be7 8.O-O-O O-O
9.Nb3 Qb6 10.f3 Rd8 11.Be3 Qc7 12.Qf2 Nd7 13.Kb1 a6 14.g4 b5 15.g5 Rb8 16.h4 Nb6  1/2-1/2

[Event "ESP-chT"]
[Site "?"]
[Date "1992.??.??"]
[Round "2"]
[White "Vilar Lopez, Monica"]
[Black "Gomez Esteban, Juan Mario"]
[Result "0-1"]
[WhiteElo "2230"]
[BlackElo "2425"]

1.e4 c5 2.Nf3 d6 3.d4 cxd4 4.Nxd4 Nf6 5.Nc3 Nc6 6.Bg5 e6 7.Qd2 a6 8.O-O-O h6
9.Bxf6 Qxf6 10.f3 Bd7 11.Kb1 Nxd4 12.Qxd4 Qxd4 13.Rxd4 Be7 14.g3 Bc6 15.Bg2 O-O-O
16.Rhd1 Kc7 17.f4 g5 18.Bh3 b5 19.f5 Bf6 20.R4d2 Rhe8 21.Re1 exf5 22.Bxf5 d5
23.Rde2 Bxc3 24.bxc3 dxe4 25.Bxe4 Bd7 26.Bf3 Rxe2 27.Rxe2 Be6 28.Kb2 Kd6
29.a3 f5 30.Kc1 Ke7 31.Bb7 Rd6 32.Bf3 Kf6 33.Bg2 Bd7 34.Rf2 Be6 35.Re2 Bd5
36.Rd2 Ke5 37.Re2+ Be4 38.Bh3 Kf6 39.Rf2 Ke5 40.Re2 Rc6 41.Kd2 Rf6 42.Ke1 f4
43.Bg4 f3 44.Rf2 Bd5 45.Rd2 Be6 46.Bh5 Bf7 47.Bxf7 Rxf7 48.g4 Rf4 49.h3 Re4+
50.Kf2 Kf4 51.Rd4 a5 52.Kf1 a4 53.Rd2 Kg3 54.Rd3 Re2  0-1

[Event "FIN-chT"]
[Site "FIN"]
[Date "1992.??.??"]
[Round "?"]
[White "Nevanlinna, Risto"]
[Black "Luik, Helmuth"]
[Result "0-1"]
[WhiteElo "2290"]
[BlackElo "2300"]

1.e4 c5 2.Nf3 Nc6 3.d4 cxd4 4.Nxd4 Nf6 5.Nc3 d6 6.Bg5 e6 7.Qd2 a6 8.O-O-O Bd7
9.f4 Rc8 10.Kb1 h6 11.Bxf6 gxf6 12.f5 Ne5 13.g3 h5 14.Qe1 Qb6 15.fxe6 fxe6
16.Bh3 Ng4 17.Bxg4 hxg4 18.Nce2 e5 19.Nb3 Qe3 20.Nc3 Qxe1 21.Rdxe1 Be7 22.Re2 Bc6
23.Rf2 Kd7 24.Rd1 Ke6 25.Nd5 Bxd5 26.exd5+ Kf7 27.Nd2 Kg6 28.Nf1 Rh5 29.Ne3 Rch8
30.Rdd2 f5 31.Rde2 Rf8 32.a3 Rhh8 33.Re1 Bg5 34.Nc4 Rd8 35.Ref1 f4 36.gxf4 exf4
37.Re2 f3 38.Re6+ Kf5 39.Nxd6+ Rxd6 40.Rxd6 Rxh2 41.Rd7 Re2 42.d6 Rd2 43.c4 b6
44.b4 Be3 45.Rf7+ Ke4 46.Rg7 Kf4 47.d7 f2  0-1

[Event "Forli op"]
[Site "Forli"]
[Date "1992.??.??"]
[Round "6"]
[White "Palac, Mladen"]
[Black "Mantovani, Renzo"]
[Result "1-0"]
[WhiteElo "2505"]
[BlackElo "2340"]

1.e4 c5 2.Nf3 Nc6 3.d4 cxd4 4.Nxd4 Nf6 5.Nc3 d6 6.Bg5 e6 7.Qd2 Be7 8.O-O-O Nxd4
9.Qxd4 O-O 10.Bc4 Qa5 11.f4 Bd7 12.e5 dxe5 13.fxe5 Bc6 14.Bd2 Nd7 15.Nd5 Qd8
16.Nxe7+ Qxe7 17.Rhe1 Nb6 18.Bd3 Rad8 19.Qb4 Qxb4 20.Bxb4 Rfe8 21.g3 Rd7
22.c4 Red8 23.Be2 f5 24.exf6 gxf6 25.b3 Rxd1+ 26.Bxd1 Bd7 27.Be7 Rc8 28.Bxf6 Nd5
29.Bd4 b5 30.c5 Nb4 31.Kd2 Nxa2 32.Re5 Nb4 33.Rg5+ Kf8 34.Bg7+ Ke7 35.Bc3 Nd5
36.Rg7+ Kd8 37.Be5 Nc7 38.Bf3  1-0

[Event "FRA-chT"]
[Site "?"]
[Date "1992.??.??"]
[Round "?"]
[White "Prie, Eric"]
[Black "Schabanel, Stephane"]
[Result "1/2-1/2"]
[WhiteElo "2440"]
[BlackElo "2230"]

1.e4 c5 2.Nf3 d6 3.d4 cxd4 4.Nxd4 Nf6 5.Nc3 Nc6 6.Bg5 e6 7.Qd2 Be7 8.O-O-O O-O
9.f4 Nxd4 10.Qxd4 Qa5 11.Bc4 Bd7 12.e5 dxe5 13.fxe5 Bc6 14.Bd2 Nd7 15.Nd5 Qd8
16.Nxe7+ Qxe7 17.Rhe1 Nb6 18.Bd3 Rfd8 19.Qg4 Rxd3 20.cxd3 Ba4 21.Bh6 f5 22.exf6 Qxf6
23.Be3 Bxd1 24.Kxd1 h5 25.Qe4 Qxb2 26.Qxe6+ Kh8 27.Qf5 Qb1+ 28.Bc1 Qxa2 29.Qxh5+ Kg8
30.Re8+ Rxe8 31.Qxe8+ Kh7 32.Qe4+ Kh8 33.Qxb7 Nd5 34.Bb2 Qa4+ 35.Ke1 Qe8+
36.Kd2 Qe3+ 37.Kc2 Qe2+ 38.Kc1 Qe1+ 39.Kc2 Qe2+ 40.Kc1 Qe1+ 41.Kc2 Qe2+  1/2-1/2

[Event "FRA-chT"]
[Site "?"]
[Date "1992.??.??"]
[Round "?"]
[White "Renet, Olivier"]
[Black "Spraggett, Kevin"]
[Result "1/2-1/2"]
[WhiteElo "2495"]
[BlackElo "2545"]

1.e4 c5 2.Nf3 d6 3.d4 cxd4 4.Nxd4 Nf6 5.Nc3 Nc6 6.Bg5 e6 7.Qd2 a6 8.Be2 h6
9.Bh4 Bd7 10.f4 Be7 11.O-O-O O-O 12.Nb3 Nxe4 13.Nxe4 Bxh4 14.Nxd6 Bc8 15.Bf3 Qc7
16.g3 Be7 17.Nxc8 Raxc8 18.Kb1 Qb6 19.a3 Bf6 20.Ka2 a5 21.c3 a4 22.Nc1 Na5
23.Be2 Rfd8 24.Qc2 Qc6 25.Rxd8+ Rxd8 26.Rd1 Rxd1 27.Qxd1 b5 28.Qd3 Nc4 29.Qf3 Qc8
30.Nd3 Nd2 31.Qe3 Qc4+ 32.Ka1 Bxc3 33.Nc1 Bxb2+ 34.Kxb2 Qd5 35.Kc2 Ne4 36.Bf3 Qc4+
37.Kd1 Nc3+ 38.Kd2 Nb1+ 39.Kd1 Nc3+ 40.Kd2 Nb1+ 41.Ke1 b4 42.axb4 Qxb4+ 43.Kf2 Qb2+
44.Ne2 a3 45.Qd4 Nd2 46.Bc6 g6 47.Ke1 Qxd4 48.Nxd4 a2 49.Nc2 Nb3 50.Ba4 Nd4
51.Na1 Nf3+ 52.Kf2 Nxh2 53.Bd1 f5 54.Bb3 Kf7 55.Bxa2 Kf6 56.Nb3 e5 57.fxe5+ Kxe5
58.Nc5 g5 59.Nd7+ Kd6 60.Nf6 Ke5 61.Nd7+ Kd6 62.Nf6 Ke5 63.Nh5 Ng4+ 64.Kf3 Nf6
65.Bf7 Nxh5 66.Bxh5 Kf6  1/2-1/2

[Event "Troll Masters"]
[Site "Gausdal"]
[Date "1992.??.??"]
[Round "6"]
[White "Ernst, Thomas"]
[Black "Lerner, Konstantin Z"]
[Result "1/2-1/2"]
[WhiteElo "2535"]
[BlackElo "2515"]

1.e4 c5 2.Nf3 d6 3.d4 cxd4 4.Nxd4 Nf6 5.Nc3 Nc6 6.Bg5 e6 7.Qd2 a6 8.O-O-O h6
9.Bf4 Bd7 10.Nxc6 Bxc6 11.f3 d5 12.Qe1 Bb4 13.a3 Ba5 14.exd5 Nxd5 15.b4 Nxf4
16.Rxd8+ Bxd8 17.h4 O-O 18.Qe3 Nd5 19.Nxd5 Bxd5 20.g4 a5 21.b5 Be7 22.g5 h5
23.Kb2 Rfc8 24.Qf4 Bxa3+ 25.Kxa3 Rxc2 26.Rh2 Rc3+ 27.Kb2 Rb3+ 28.Ka1 Rc8
29.Rf2 Ra3+ 30.Kb1 Rb3+ 31.Ka1 a4 32.g6 fxg6 33.Bh3 Rc4 34.Qd2 Ra3+ 35.Kb2 Rb3+
36.Ka1 Ra3+ 37.Kb2 Rb3+  1/2-1/2

[Event "Troll Masters"]
[Site "Gausdal"]
[Date "1992.??.??"]
[Round "8"]
[White "Renet, Olivier"]
[Black "Lerner, Konstantin Z"]
[Result "1/2-1/2"]
[WhiteElo "2495"]
[BlackElo "2515"]

1.e4 c5 2.Nf3 d6 3.d4 cxd4 4.Nxd4 Nf6 5.Nc3 Nc6 6.Bg5 e6 7.Qd2 a6 8.Be2 h6
9.Bh4 Bd7 10.f4 b5 11.Bf3 Rc8 12.O-O-O b4 13.Nce2 Nxe4 14.Bxe4 Qxh4 15.Bxc6 Bxc6
16.Nxc6 Rxc6 17.Qxb4 Qd8 18.f5 Rb6 19.Qd4 e5 20.Qa4+ Qd7 21.Qxd7+ Kxd7 22.c4 Be7
23.Nc3 Rc6 24.b3 Bg5+ 25.Kc2 Be3 26.Rd3 Bd4 27.Nd5 a5 28.a4 h5 29.Re1 Bc5
30.Re4 Rcc8 31.Rg3 Rh7 32.Kd3  1/2-1/2

[Event "Gausdal Int"]
[Site "Gausdal"]
[Date "1992.??.??"]
[Round "9"]
[White "Jansa, Vlastimil"]
[Black "Vidarsson, Jon G"]
[Result "1-0"]
[WhiteElo "2455"]
[BlackElo "2300"]

1.e4 c5 2.Nf3 Nc6 3.d4 cxd4 4.Nxd4 Nf6 5.Nc3 d6 6.Bg5 e6 7.Qd2 a6 8.O-O-O h6
9.Bf4 Bd7 10.Nxc6 Bxc6 11.Qe1 Nh5 12.Be3 Qa5 13.f3 Nf6 14.Bc4 Be7 15.Bb3 O-O-O
16.Kb1 Kb8 17.Bd4 Rhg8 18.Qf2 Nd7 19.a3 Bf6 20.Rd2 Bxd4 21.Qxd4 Nc5 22.Rhd1 Nxb3
23.cxb3 Qc7 24.b4 d5 25.e5 Rc8 26.Qe3 Qe7 27.f4 g5 28.g3 gxf4 29.gxf4 Rg4
30.Rf2 f6 31.Ne2 Qh7+ 32.Ka1 Qe4 33.Qh3 Rcg8 34.exf6 R4g6 35.Nc3 Qf5 36.Qxf5 exf5
37.Nxd5 Rd8 38.Rfd2 Ba4 39.Nc3  1-0

[Event "Geneve op"]
[Site "Geneve"]
[Date "1992.??.??"]
[Round "9"]
[White "Gallagher, Joseph G"]
[Black "Martinovic, Slobodan"]
[Result "1-0"]
[WhiteElo "2510"]
[BlackElo "2460"]

1.e4 c5 2.Nf3 d6 3.d4 cxd4 4.Nxd4 Nf6 5.Nc3 Nc6 6.Bg5 e6 7.Qd2 a6 8.O-O-O h6
9.Be3 Bd7 10.f4 Be7 11.h3 Qc7 12.g4 O-O 13.Kb1 b5 14.Bd3 Nxd4 15.Bxd4 Bc6
16.Qg2 b4 17.Ne2 Nd7 18.g5 e5 19.gxh6 g6 20.Be3 Kh7 21.f5 Nf6 22.fxg6+ fxg6
23.Rhg1 Rg8 24.Bg5 Bd7 25.Qf2 Be6 26.Qh4 Raf8 27.Rdf1 Qd8 28.Rf2 Rf7 29.Rgf1 Rgf8
30.Ng1 a5 31.Nf3 Kh8 32.Nd2 a4 33.Bc4 Bxc4 34.Nxc4 Kg8 35.Ne3 a3 36.Bxf6 Rxf6
37.Rxf6 Rxf6 38.Rxf6 Bxf6 39.Qg4 Kh7 40.Nd5 Kxh6  1-0

[Event "Oberliga Nord W9192"]
[Site "Germany"]
[Date "1992.??.??"]
[Round "?"]
[White "Hertel, Peter"]
[Black "Meyer, Claus Dieter"]
[Result "1-0"]
[WhiteElo "2215"]
[BlackElo "2325"]

1.e4 c5 2.Nf3 Nc6 3.d4 cxd4 4.Nxd4 Nf6 5.Nc3 d6 6.Bg5 e6 7.Qd2 a6 8.O-O-O h6
9.Bf4 Bd7 10.Nxc6 Bxc6 11.f3 d5 12.Qe1 Bb4 13.a3 Ba5 14.Bd2 b5 15.Kb1 Bxc3
16.Bxc3 O-O 17.Ba5 Qb8 18.e5 Nd7 19.f4 Rc8 20.h4 Nc5 21.g4 Ne4 22.Bd3 Qa7
23.Rh2 Nc5 24.h5 Nxd3 25.Rxd3 Qc5 26.g5 hxg5 27.fxg5 Be8 28.Qg3 Qc4 29.h6 Qe4
30.hxg7 Qg6 31.Bb4 Ra7 32.Bf8  1-0

[Event "NRW-Liga II 9192"]
[Site "Germany"]
[Date "1992.??.??"]
[Round "?"]
[White "Maus, Siegfried"]
[Black "Altgelt, Alexander"]
[Result "1-0"]
[WhiteElo "2305"]
[BlackElo "2235"]

1.e4 c5 2.Nf3 d6 3.d4 cxd4 4.Nxd4 Nf6 5.Nc3 Nc6 6.Bg5 e6 7.Qd2 a6 8.O-O-O Bd7
9.Nxc6 Bxc6 10.Qe1 Qa5 11.Bf4 O-O-O 12.f3 Kb8 13.a3 Be7 14.h4 Ka8 15.Bc4 Rd7
16.Be3 b5 17.Bb3 Rb7 18.Kb1 Rd8 19.Bd2 Qb6 20.Na2 Rc8 21.Ba5 Qa7 22.Nb4 Be8
23.f4 Nd7 24.Rh3 Nc5 25.Ba2 Rd7 26.Nd3 Bd8 27.Bc3 g6 28.f5 Na4 29.Bd2 Bb6
30.fxe6 Rdc7 31.Nb4 fxe6 32.Bxe6 Bd7 33.Bxd7 Rxd7 34.Nd5 Bd4 35.c3 Be5 36.Be3 Qb7
37.Rf3 Qc6 38.Bd4 Bxd4 39.Rxd4 Nc5 40.Qd1 Qb7 41.Nf6 Re7 42.Rxd6 Nxe4 43.Nxe4 Qxe4+
44.Ka1 Rc6 45.Rff6 Qe1 46.Qxe1 Rxe1+ 47.Ka2 Rxd6 48.Rxd6 Re2 49.g4 Rg2 50.g5 Kb7
51.Rd7+ Kb6 52.Rxh7 Rg4 53.Rh6 Kb7 54.b4 Ka7 55.Kb3 Kb7 56.a4 Ka7 57.a5 Kb7
58.Rh7+ Kb8 59.Rh6 Kb7 60.Rxg6 Rxh4 61.Rb6+ Ka7 62.g6 Rg4 63.Rc6  1-0

[Event "BL9192 (Women)"]
[Site "Germany"]
[Date "1992.??.??"]
[Round "?"]
[White "Koglin, Anke"]
[Black "Ramseier, Jana S"]
[Result "0-1"]
[WhiteElo "2115"]
[BlackElo "2110"]

1.e4 c5 2.Nf3 Nc6 3.d4 cxd4 4.Nxd4 Nf6 5.Nc3 d6 6.Bg5 e6 7.f4 Be7 8.Qd2 Nxd4
9.Qxd4 h6 10.Bh4 O-O 11.O-O-O Qa5 12.Bc4 e5 13.Qf2 Ng4 14.Qe1 Bxh4 15.Qxh4 Ne3
16.Bd5 Nxd1 17.Rxd1 Qc5 18.f5 Qe3+ 19.Kb1 Bd7 20.Qe7 Bc6 21.Qxd6 Bxd5 22.Qxd5 Rad8
23.Qxe5 Rxd1+ 24.Nxd1 Qd2 25.Qd5 Rd8 26.Qxd2 Rxd2 27.Kc1 Rxg2 28.h4 Rh2 29.Nc3 Rxh4
30.Kd2 Rh2+ 31.Ne2 Kf8 32.c4 Ke7 33.Ke3 Kd6 34.b4 Ke5 35.Nd4 Rxa2  0-1